| 000 | 01235cas a2200205 i 4500 | ||
|---|---|---|---|
| 001 | 768714001 | ||
| 003 | CO-MdFUSB | ||
| 005 | 20220927111004.0 | ||
| 008 | 220312b GT ||||| |||| 00| 0 SPA d | ||
| 022 | _a1014-9341 | ||
| 040 |
_aCO-MdFUSB _bspa _cCO-MdFUSB _dCO-MdFUSB |
||
| 041 | _aspa | ||
| 100 | _eAutor | ||
| 245 | _aPerspectiva narratológica sobre Josué 2 (Segunda de dos partes) | ||
| 520 | _aLa trama o intriga de Josué 2 la conforman la serie de eventos y problemas allí narrados. Se puede dividir en planteamiento del problema, nudo, clímax y desenlace. El narrador revela la resolución de los conflictos a través de las acciones y dichos de los personajes, particularmente Rahab. Un análisis de estos elementos muestra el mensaje del relato y el énfasis que el narrador pone en la gesta heroica de quien se convirtió en el primer habitante de la tierra prometida y modelo de la dinámica de cambio que se da en una persona con fe en el Dios de Israel | ||
| 650 | 0 |
_916 _aBiblia |
|
| 653 | _aJosué 2. Rahab, trama, planteamiento del problema, nudo, clímax, desenlace, dominación léxica | ||
| 773 |
_049489 _9higiu _q9 _tPerspectiva narratológica sobre Josué 2 (Segunda de dos partes) |
||
| 942 | _cANA | ||
| 999 |
_c67462 _d67462 |
||